01454nam a2200325 a 4500001001200000003000800012006001900020007001500039008004100054020002700095040002100122035002100143050002400164100003700188245013800225260006900363300001100432490005000443500005900493504004100552533015200593600006700745650005300812655002900865700004400894700003000938710001700968856012600985999001701111ebr10567292CaPaEBRm u cr cn|||||||||120613s2008 enk sb 000 0deng d z9781847600028 (e-book) aCaPaEBRcCaPaEBR a(OCoLC)74322619914aPR5888b.O94 2008eb1 aWordsworth, William,d1770-1850.14aThe prose works of William Wordsworth.nVolume 1h[electronic resource] /cedited by W.J.B.Prose in English, Owen and Jane W. Smyser. aTirril [England] ;aPenrith, Calif. :bHumanities-Ebooks,c2008. a457 p.0 aThe prose works of William Wordsworth ;vv. 1 aOriginally published : Oxford : Clarendon Press, 1974. aIncludes bibliographical references. aElectronic reproduction.bPalo Alto, Calif. :cebrary,d2013.nAvailable via World Wide Web.nAccess may be limited to ebrary affiliated libraries.10aWordsworth, William,d1770-1850xCriticism and interpretation. 0aEnglish prose literaturexHistory and criticism. 7aElectronic books.2local1 aOwen, W. J. B.q(Warwick Jack Burgoyne)1 aSmyser, Jane Worthington.2 aebrary, Inc.40uhttp://site.ebrary.com/lib/rucke/Doc?id=10567292zAn electronic book accessible through the World Wide Web; click to view c93283d93283